The complete works of Percier and Fontaine / (Record no. 12286)

000 -LEADER
fixed length control field 02876cam a2200373 i 4500
003 - CONTROL NUMBER IDENTIFIER
control field OSt
005 - DATE AND TIME OF LATEST TRANSACTION
control field 20240117102308.0
008 - FIXED-LENGTH DATA ELEMENTS--GENERAL INFORMATION
fixed length control field 171213r20181798nyua b 000 0 eng
020 ## - INTERNATIONAL STANDARD BOOK NUMBER
International Standard Book Number 9781616896980 (hardback)
041 1# - LANGUAGE CODE
Language code of text/sound track or separate title eng
-- fre
Language code of original and/or intermediate translations of text fre
043 ## - GEOGRAPHIC AREA CODE
Geographic area code e------
082 00 - DEWEY DECIMAL CLASSIFICATION NUMBER
Classification number 720.94
Edition number 23
Item number PER
100 1# - MAIN ENTRY--PERSONAL NAME
Personal name Percier, Charles,
Dates associated with a name 1764-1838,
Relator term author.
240 10 - UNIFORM TITLE
Uniform title <a href="Works">Works</a>
245 14 - TITLE STATEMENT
Title The complete works of Percier and Fontaine /
Statement of responsibility, etc with an introduction by Barry Bergdoll ; translations by Yolanda Stern Broad, PhD.
250 ## - EDITION STATEMENT
Edition statement First edition.
300 ## - PHYSICAL DESCRIPTION
Extent 441 pages :
Other physical details illustrations ;
Dimensions 32 cm
504 ## - BIBLIOGRAPHY, ETC. NOTE
Bibliography, etc Includes bibliographical references.
505 0# - FORMATTED CONTENTS NOTE
Formatted contents note Palais, maisons, et autres édifices modernes dessinés à Rome (1798) -- Recueil de décorations intérierures (1812) -- Choix des plus célèbres maisons de plaisance de Rome et de ses environs (1824) -- Plans de plusieurs châteaux, palais et résidences de souverains de France, d'Italie, d'Espagne et de Russie, dessinés sur une même échelle pour être comparés A.P.P.P.L.P.D.R.D.R. (1838).
520 ## - SUMMARY, ETC.
Summary, etc "Charles Percier and Pierre Fontaine were the official government architects of Napoleon, as well as two of the most celebrated teachers at the legendary Ecole des Beaux-Arts, and were responsible for developing the highly influential neoclassical Empire, or Directoire, style of design. Their designs and renovations can be seen throughout the monuments and structures of Napoleonic France, including extensive renovations to the Louvre and Tuileries palaces, construction of the Arc de Triomphe de Carrousel, as well as their true masterpiece, the Empress Josephine's Chateau de Malmaison, where they designed every interior detail, helping invent and shape the modern field of interior design. This will be the definitive edition on the work of Percier and Fontaine, bringing together their four most influential volumes on architecture and interior design, comprising detailed studies of the most important classical and neoclassical architecture across Europe, as well as their own designs, and featuring an introduction by esteemed architecture critic and historian Barry Bergdoll"--
546 ## - LANGUAGE NOTE
Language note English and French.
650 #0 - SUBJECT ADDED ENTRY--TOPICAL TERM
Topical term or geographic name as entry element Architecture
Geographic subdivision Europe
General subdivision History
Chronological subdivision 19th century.
650 #0 - SUBJECT ADDED ENTRY--TOPICAL TERM
Topical term or geographic name as entry element Interior decoration
Geographic subdivision Europe
General subdivision History
Chronological subdivision 19th century.
650 #0 - SUBJECT ADDED ENTRY--TOPICAL TERM
Topical term or geographic name as entry element Neoclassicism (Architecture)
Geographic subdivision Europe.
650 #0 - SUBJECT ADDED ENTRY--TOPICAL TERM
Topical term or geographic name as entry element Decoration and ornament
Geographic subdivision Europe
General subdivision Neoclassicism.
650 #7 - SUBJECT ADDED ENTRY--TOPICAL TERM
Topical term or geographic name as entry element ARCHITECTURE / History / Renaissance.
Source of heading or term bisacsh
650 #7 - SUBJECT ADDED ENTRY--TOPICAL TERM
Topical term or geographic name as entry element ARCHITECTURE / History / General.
Source of heading or term bisacsh
650 #7 - SUBJECT ADDED ENTRY--TOPICAL TERM
Topical term or geographic name as entry element ARCHITECTURE / General.
Source of heading or term bisacsh
700 1# - ADDED ENTRY--PERSONAL NAME
Personal name Fontaine, Pierre François Léonard,
Dates associated with a name 1762-1853,
Relator term author.
700 1# - ADDED ENTRY--PERSONAL NAME
Personal name Bergdoll, Barry,
Relator term writer of introduction.
700 1# - ADDED ENTRY--PERSONAL NAME
Personal name Broad, Yolanda Stern,
Relator term translator.
710 2# - ADDED ENTRY--CORPORATE NAME
Corporate name or jurisdiction name as entry element Institute of Classical Architecture & Art.
942 ## - ADDED ENTRY ELEMENTS (KOHA)
Source of classification or shelving scheme
Holdings
Withdrawn status Lost status Source of classification or shelving scheme Damaged status Koha normalized classification for sorting Not for loan Permanent location Current location Date acquired Source of acquisition Cost, normal purchase price Full call number Barcode Date last seen Cost, replacement price Price effective from Koha item type
        720_940000000000000_PER   BMS College of Architecture, Design and Planning BMS College of Architecture, Design and Planning 2024-01-17 1 6412.50 720.94 PER AR-UG3626 2024-01-17 8550.00 2024-01-17 UG Books
Copyright © 2025, The Librarian, Library and Information Centre, BMSCA D&P, Bengaluru. All Rights Reserved
web counter

Powered by Koha